000 00525cam a22002057a 4500
001 000593
003 armpunfd
005 20140612090614.0
008 011019e1996####xx#a##########000#0#und#d
040 _aarmpunfd
_carmpunfd
080 _a347.79 C 34
100 1 0 _a Zavalia
245 1 0 _aLey de la navegacion
260 _a Buenos Aires
_b Zavalia
_c1996
300 _a306 p.
650 7 _a Derecho Maritimo
_x Argentina
_2LEMB
650 7 _a Leyes
_x Argentina
_2LEMB
942 _cLB
_2cdu
945 _aCatalis
_d2010-08-19
999 _c587
_d231091